| 000 | 007460000a22002170004500 | ||
|---|---|---|---|
| 003 | LK-CoMWRAF | ||
| 005 | 20231030112339.0 | ||
| 008 | 230817t2004 ||||| |||| 00| 0 eng d | ||
| 020 | _a9559102737 | ||
| 040 |
_aLK-CoMWRAF _dLK-CoMWRAF _eLK-CoMWRAF |
||
| 041 | _aeng | ||
| 082 |
_a305.42 _bKOT |
||
| 100 | _aKottegoda, Sepali | ||
| 245 |
_aNegotiating Household Politics: _bWomen's Strategies in Urban Sri Lanka |
||
| 260 |
_aColombo: _bSocial Scientists' Association, _c2004 |
||
| 300 |
_aii, 269, vi p. ; 23 cm. _bBibliography and index included |
||
| 650 | _aURBAN WOMEN | ||
| 650 | _aUrban women -- Sri Lanka -- Social conditions -- 20th century | ||
| 650 | _a Urban women -- Sri Lanka -- Economic conditions -- 20th century | ||
| 942 | _cBK | ||
| 999 |
_c689 _d689 |
||